00516nam a2200205 a 4500001001300000003000900013005001700022008004100039020001000080082001600090100002300106245002200129260003300151300000900184500003500193505001000228650001900238650003000257700002300287nice12345678IN_TiNIC20260116011538.0050524s1904 boma grp 000 0 per  ac10000a891.55bJAM aJami, Abdur Rahman aYousuf-O-Zulaikha aBombaybMatba Muzafaric1904 a200p aincludes index and biblioraphy2 aIndex aPersian Poetry aJami, Abdur Rahman-Poetry1 aJami, Abdur Rahman